Wireless network management in Internet of Things

Salvato in:
Dettagli Bibliografici
Autore principale: Nemčík, Ján (Autore)
Altri autori: Erdelyi, Jaroslav (Relatore della tesi)
Natura: Manoscritto Libro
Lingua:slovacco
inglese
Pubblicazione: 2019
Soggetti:
Accesso online:http://is.stuba.sk/zp/portal_zp.pl?podrobnosti=140895
Tags: Aggiungi Tag
Nessun Tag, puoi essere il primo ad aggiungerne!!

MARC

LEADER 00000ntm a22000003a 4500
001 stuzp75172
003 SK-STU
005 20190723110500.3
007 ta
008 150427s2015----xo-----f-mn---000-0-slo-d
040 |a STU  |b slo 
041 0 |a eng 
044 |a xo 
100 1 |a Nemčík, Ján  |u 070400  |4 aut  |U FIIT Fakulta informatiky a informačných technológií  |T FIIT Ústav počítačového inžinierstva a aplikovanej informatiky  |X 85974  |U I400  |Y 672  |7 85974 
242 0 1 |a Manažment bezdrôtových sietí v Internete vecí  |y slo 
245 1 0 |a Wireless network management in Internet of Things 
260 |c 2019 
300 |e Neobsahuje CD-rom 
650 4 |a Internet vecí  |2 slo 
650 4 |a blockchain  |2 slo 
650 4 |a manažment sietí  |2 slo 
650 4 |a network management  |2 eng 
650 4 |a blockchain  |2 eng 
650 4 |a Internet of Things  |2 eng 
700 1 |a Erdelyi, Jaroslav  |u 070400  |k Z3  |4 ths  |U FIIT Fakulta informatiky a informačných technológií  |T FIIT Ústav počítačového inžinierstva a aplikovanej informatiky  |X 51236  |U I400  |Y 672  |7 51236 
856 4 |u http://is.stuba.sk/zp/portal_zp.pl?podrobnosti=140895 
996 |b IZP20180316  |c I*BAP38/19  |l II680  |s P  |a 0  |w stuzp75172_0001